| 000 | 00581nam a2200157Ia 4500 | ||
|---|---|---|---|
| 008 | 170221s9999 xx 000 0 und d | ||
| 100 | _aMesfin Awoke Bekalu | ||
| 245 | 4 | _aThe Magnitude of HIV/AIDS Problem vis-à-vis the Number and Nature of Studies on Mass Media Prevention Efforts across the Globe – a Descriptive Review | |
| 245 | _cMesfin Awoke Bekalu, Steven Eggermont | ||
| 260 | _bOnline Journal of Communication and Media Technologies | ||
| 260 | _c2013 | ||
| 300 | _a33 : 10 | ||
| 650 | _xCommunication | ||
| 650 | _xMedia Arts | ||
| 856 | _uhttp://www.ojcmt.net/ | ||
| 999 |
_c311082 _d311082 |
||